Statystyki dla Wykreślanka #1 - Nazwy Państw

Kliknij tutaj aby rozwiązać quiz!

Ogólne statystyki

  • Ten quiz został rozwiązany 1 184 razy
  • Średni wynik to 14 z 20

Statystyki odpowiedzi

Lp.Odpowiedź% Poprawnych
3Indonezja
98%
5Japonia
88%
10Portugalia
88%
4Kazachstan
87%
7Węgry
87%
14Stany Zjednoczone
84%
12Rosja
83%
13Irlandia
79%
20Turcja
78%
16Austria
72%
2Włochy
72%
18Dania
68%
9Jordania
67%
17Pakistan
64%
1Polska
64%
15Gruzja
60%
11Brunei
49%
8Honduras
48%
19Nepal
25%
6Bhutan
19%

Rozkład punktacji

Percentyl według liczby udzielonych odpowiedzi

Procent ludzi z każdym wynikiem

Twoja historia wyników

Nie rozwiązałeś tego quizu